000
00295 a2200133 4500
001
86532
082
_a
398.20546 TOU
090
_c
40706
_d
40706
100
_a
Taus Banhali
245
_a
Rashi Nama
_h
Urdu
260
_a
Islamabad
_b
Lok Virsa
_c
2010
300
_a
236p.
500
_a
Lok Virsa
942
_a
CAENUST
_k
398.20546 TOU
999
_c
321605
_d
321605